000 00576nam a2200193 a 4500
001 000009768
005 20240412074213.0
008 091001s1979 es 001 p spa d
040 _aDO-SdBNP
_bspa
_cBNPHU
082 _aRD861.44
_bB533r
100 1 _aBerroa, Rei,
_d1949-
_9160
245 1 0 _aRetazos para un traje de tierra /
_cRei Berroa.
260 _aMadrid :
_b[s.n.],
_c1979.
300 _a54 p. ;
_c22 cm.
590 _aInventariado, 2018/LP
650 0 _aPoesía dominicana
_966
650 0 _aLiteratura dominicana.
_967
910 _aValidado. Control de la calidad EMS.
999 _c9528
_d9528